Bazilej II-zlepšenie spôsobov riadenia rizika a zvýšenie stability bánk

Hlavné ciele nových pravidiel Bazilej II. Štruktúra Bazilej II. Spôsoby merania úverového rizika. Zaradenie klientov do segmentov. Klasifikácia pohľadávok z úverov a ich rizikové váhy podľa ratingových tried.

Gespeichert in:
Bibliographische Detailangaben
1. Verfasser: Jánošová, Veronika, 1953-
Weitere Verfasser: Harumová, Anna, 1955-
Format: Buchkapitel
Sprache:Slowakisch
Schlagworte:
Tags: Tag hinzufügen
Keine Tags, Fügen Sie das erste Tag hinzu!

MARC

LEADER 00000naa$a2200000$$$4500
001 0071060
005 20240502071842.4
041 0 |a slo 
044 |a SK 
245 1 0 |a Bazilej II-zlepšenie spôsobov riadenia rizika a zvýšenie stability bánk  |c Veronika Jánošová, Anna Harumová 
520 |a Hlavné ciele nových pravidiel Bazilej II. Štruktúra Bazilej II. Spôsoby merania úverového rizika. Zaradenie klientov do segmentov. Klasifikácia pohľadávok z úverov a ich rizikové váhy podľa ratingových tried. 
610 2 0 |a riadenie rizík 
610 2 0 |a banky 
610 2 0 |a primeranosť kapitálová 
610 2 0 |a riziko úverové 
610 2 0 |a kapitál bankový 
610 2 0 |a konkurencieschopnosť 
100 1 |a Jánošová, Veronika, 1953- 
700 1 |a Harumová, Anna, 1955-